Statistiques concernant Pays de la coupe d'asie 2024

Cliquez ici pour prendre le quiz!

Statistiques générales

  • Ce quiz a été pris 14 fois
  • Le résultat moyen est 9 sur 24

Statistiques - réponses

PoulePositionÉliminé enPays% Correct
A1GagnantQatar
90%
E3FinaleJordanie
60%
E2Demi-finaleCoree du sud
50%
C1Demi-finaleIran
50%
F18e de finaleArabie saoudite
40%
B1Quart de finaleAustralie
40%
E18e de finaleBahrein
40%
A3PoulesChine
40%
D18e de finaleIrak
40%
D2Quart de finaleJapon
40%
B2Quart de finaleOuzbekistan
40%
C38e de finalePalestine
40%
A2Quart de finaleTadjikistan
40%
F28e de finaleThailande
40%
C28e de finaleEmirats arabes unis
30%
B4PoulesInde
30%
D38e de finaleIndonesie
30%
F4PoulesKirghizistan
30%
A4PoulesLiban
30%
E4PoulesMalaisie
30%
B38e de finaleSyrie
30%
C4PoulesHong Kong
20%
F3PoulesOman
20%
D4PoulesViet Nam
20%

Distribution des résultats

Percentile par nombre de réponses

% des personnes avec chaque résultat

Votre développement - résultats

Vous n’avez pas pris ce quiz